Pokémon des différents Pokégroupes - Statistiques

Statistiques générales
  • Ce quiz a été pris 43 fois
  • Le résultat moyen est 131 sur 274
Statistiques - réponses
Dresseur Région État Pokémon % Correct
Sacha Kanto Équipe Pikachu
100%
Sacha Kanto Laboratoire Dracaufeu
95%
Kiawe Alola Équipe Dracaufeu
95%
Sacha Kanto Relâché Papilusion
90%
Goh Kanto Parc Cerise Papilusion
90%
Sacha Kalos Relâché Amphinobi
85%
Sacha Sinnoh Laboratoire Mustébouée
85%
Aurore Sinnoh Échangé Mustébouée
85%
Sacha Kanto Laboratoire Bulbizarre
80%
Sacha Hoenn Échangé Capumain
80%
Sacha Johto Laboratoire Kaiminus
80%
Sacha Kanto Laboratoire Roucarnage
80%
Sacha Kanto Confié Carapuce
75%
Sacha Hoenn Laboratoire Chartor
75%
Sacha Kanto Confié Colossinge
75%
Sacha Unys Laboratoire Déflaisan
75%
Sacha Kanto Laboratoire Dracolosse
75%
Iris Unys Équipe Dracolosse
75%
Sacha Sinnoh Laboratoire Étouraptor
75%
Sacha Alola Chez Euphorbe Félinferno
75%
Sacha Johto Laboratoire Feurisson
75%
Aurore Sinnoh Équipe Feurisson
75%
Sacha Kalos Laboratoire Flambusard
75%
Sacha Unys Laboratoire Géolithe
75%
Goh Galar Parc Cerise Géolithe
75%
Pierre Kanto Rendu Goupix
75%
Lilie Alola Équipe Goupix
75%
Sacha Unys Laboratoire Grotichon
75%
Sacha Hoenn Laboratoire Jungko
75%
Sacha Îles Orange Relâché Lokhlass
75%
Néphie Alola Chez elle Lokhlass
75%
Sacha Alola Chez Euphorbe Lougaroc
75%
Sacha Johto Laboratoire Macronium
75%
Sacha Alola Chez Euphorbe Melmetal
75%
Sacha Unys Laboratoire Moustillon
75%
Aurore Sinnoh Relâché Moustillon
75%
Serena Kalos Équipe Nymphali
75%
Sacha Hoenn Laboratoire Oniglali
75%
Sacha Îles Orange Laboratoire Ronflex
75%
Sacha Johto Laboratoire Scarhino
75%
Goh Sinnoh Parc Cerise Scarhino
75%
Sacha Sinnoh Laboratoire Scorvol
75%
Sacha Sinnoh Laboratoire Simiabraz
75%
Sacha Alola Non Officiel Solgaleo
75%
Sacha Kanto Laboratoire Tauros
75%
Sacha Sinnoh Laboratoire Torterra
75%
Sacha Unys Laboratoire Vipélierre
75%
Sacha Unys Laboratoire Baggiguane
70%
Sacha Unys Laboratoire Batracné
70%
Sacha Kalos Laboratoire Brutalibré
70%
Sacha Kalos Laboratoire Bruyverne
70%
Sacha Johto Donné Dardargnan
70%
Goh Kanto Parc Cerise Dardargnan
70%
Sacha Johto Laboratoire Donphan
70%
Sacha Kanto Laboratoire Ectoplasma
70%
Sacha Sinnoh Laboratoire Griknot
70%
Iris Johto Équipe Griknot
70%
Sacha Hoenn Laboratoire Hélédelle
70%
Ondine Kanto Équipe Léviator
70%
James Kanto Relâché Léviator
70%
Chrys Alola Équipe Lucanon
70%
Lem Kalos Équipe Luxray
70%
Sacha Unys Laboratoire Manternel
70%
Sacha Kalos Relâché Muplodocus
70%
Sacha Johto Laboratoire Noarfang
70%
Kiawe Alola Équipe Ossatueur
70%
Sacha Kanto Non Officiel Spectrum
70%
Barbara Alola Équipe Sucreine
70%
Aurore Sinnoh Équipe Tiplouf
70%
Sacha Alola Chez Euphorbe Brindibou
65%
Sacha Sinnoh Relâché Brindibou
65%
Sacha Unys Laboratoire Crocorible
65%
Clem Kalos Équipe Dedenne
65%
Sacha Hoenn Laboratoire Écrapince
65%
Sacha Kanto Laboratoire Grotadmorv
65%
Sacha Kanto Laboratoire Krabboss
65%
Sacha Kanto Laboratoire Lucario
65%
Aurore Sinnoh Équipe Mammochon
65%
Sacha Alola Relâché Mandrillon
65%
Lem Kalos Équipe Marisson
65%
Serena Kalos Équipe Pandespiègle
65%
Goh Kanto Parc Cerise Rattata
65%
Sacha Kanto Échangé Rattatac
65%
Goh Kanto Parc Cerise Rattatac
65%
Ondine Kanto Équipe Stari
65%
Chrys Alola Équipe Togedemaru
65%
Clem Kalos Non Officiel Zygarde
65%
Kiawe Alola Équipe Boumata
60%
Ondine Johto Arène d'Azuria Corayon
60%
Goh Galar Parc Cerise Corayon
60%
Rachid Unys Équipe Crabaraque
60%
Pierre Sinnoh Équipe Cradopaud
60%
Sacha Johto Non Officiel Embrylex
60%
Iris Unys Équipe Emolga
60%
Néphie Alola Équipe Évoli
60%
Chloé Kanto Équipe Évoli
60%
Rachid Unys Équipe Feuillajou
60%
Flora Kanto Équipe Givrali
60%
Serena Kalos Équipe Goupelin
60%
Sacha Galar Laboratoire Hydragon
60%
Ondine Kanto Arène d'Azuria Hypotrempe
60%
Rachid Unys Équipe Limonde
60%
Goh Galar Parc Cerise Limonde
60%
Néphie Alola Équipe Oratoria
60%
Aurore Sinnoh Équipe Pachirisu
60%
Pierre Kanto Arène d'Argenta Racaillou
60%
Goh Kanto Parc Cerise Racaillou
60%
Goh Alola Parc Cerise Racaillou
60%
Pierre Kanto Arène d'Argenta Simularbre
60%
Ondine Kanto Équipe Staross
60%
Pierre Kanto Équipe Steelix
60%
Iris Unys Équipe Tranchodon
60%
Jessie Kanto Relâché Arbok
55%
Flora Hoenn Équipe Braségali
55%
Aurore Hoenn Confié Capidextre
55%
Lem Kalos Équipe Excavarenne
55%
Flora Hoenn Équipe Florizarre
55%
Flora Hoenn Équipe Goinfrex
55%
Aurore Sinnoh Équipe Laporeille
55%
Lem Kalos Arène d'Illumis Magnéton
55%
Jacky Îles Orange Équipe Marill
55%
Iris Unys Équipe Minotaupe
55%
Goh Kanto Équipe Ouistempo
55%
Ondine Kanto Arène d'Azuria Poissirène
55%
Goh Sinnoh Parc Cerise Poissirène
55%
Ondine Johto Relâché Poissoroy
55%
Ondine Kanto Équipe Psykokwak
55%
Ondine Îles Orange Équipe Tarpaud
55%
Aurore Sinnoh Équipe Togekiss
55%
Flora Kanto Équipe Carabaffe
50%
Pierre Hoenn Équipe Flobio
50%
Pierre Johto Équipe Foretress
50%
Pierre Alola Arène d'Argenta Guérilande
50%
Lem Kalos Arène d'Illumis Iguolta
50%
Ondine Kanto Arène d'Azuria Lamantine
50%
Goh Kanto Parc Cerise Lamantine
50%
Pierre Sinnoh Équipe Leuphorie
50%
Goh Sinnoh Parc Cerise Magicarpe
50%
Jessie Hoenn Relâché Magicarpe
50%
Jessie Alola Relâché Mimiqui
50%
Pierre Kanto Arène d'Argenta Nostenfer
50%
Sacha Galar Laboratoire Palarticho
50%
Goh Galar Équipe Pyrobut
50%
Jessie Johto Équipe Qulbutoké
50%
Goh Galar Parc Cerise Sapereau
50%
Jessie Hoenn Équipe Séviper
50%
Barbara Alola Non Officiel Shaymin
50%
Ondine Kanto Relâché Togetic
50%
James Sinnoh Équipe Vortente
50%
Jessie Sinnoh Équipe Yanmega
50%
Jacky Îles Orange Équipe Aéromite
45%
Goh Kanto Parc Cerise Aéromite
45%
Ondine Kanto Équipe Azurill
45%
Jessie Kalos Équipe Banshitrouye
45%
James Hoenn Confié Cacnea
45%
James Kanto Chez ses parents Caninos
45%
Flora Hoenn Chez ses parents Charmillon
45%
James Kanto Échangé Empiflor
45%
Goh Alola Relâché Feunard
45%
Goh Sinnoh Relâché Héricendre
45%
Jacky Îles Orange Équipe Insécateur
45%
Pierre Hoenn Équipe Ludicolo
45%
James Hoenn Équipe Mime Jr.
45%
Goh Kanto Parc Cerise Mimitoss
45%
Goh Hoenn Parc Cerise Papinox
45%
Jessie Hoenn Relâché Papinox
45%
Flora Hoenn Chez ses parents Skitty
45%
James Kanto Relâché Smogogo
45%
James Unys Équipe Tutafeh
45%
Sacha Alola Relâché Ama-Ama
40%
Sacha Alola Relâché Cancrelove
40%
Jessie Unys Équipe Chovsourir
40%
James Hoenn Chez ses grands-parents Éoko
40%
Goh Kanto Parc Cerise Gravalanch
40%
Jessie Kanto Relâché Kokiyas
40%
Goh Galar Équipe Lézargus
40%
Ondine Hoenn Arène d'Azuria Lovdisc
40%
Lem Kalos Arène d'Illumis Magnéti
40%
Sacha Alola Relâché Mouscoto
40%
James Kalos Équipe Sepiatop
40%
Goh Johto Parc Cerise Suicune
40%
Goh Kanto Parc Cerise Tentacool
40%
James Alola Relâché Vorastérie
40%
Jessie Kanto Échangé Excelangue
35%
Ondine Kanto Équipe Flingouste
35%
James Unys Équipe Gaulet
35%
Goh Hoenn Parc Cerise Hyporoi
35%
James Kanto Équipe Morpeko
35%
Sacha Alola Non Officiel Motisma
35%
Goh Kanto Parc Cerise Raichu
35%
Goh Kanto Parc Cerise Scarabrute
35%
Goh Kanto Échangé Scarabrute
35%
Jessie Unys Équipe Viskuse
35%
Goh Kanto Parc Cerise Abo
30%
Goh Kanto Parc Cerise Aspicot
30%
Goh Kanto Parc Cerise Chenipan
30%
Goh Kanto Parc Cerise Chrysacier
30%
Goh Kanto Parc Cerise Cizayox
30%
Goh Kanto Parc Cerise Coconfort
30%
Goh Johto Parc Cerise Hoothoot
30%
Goh Kanto Parc Cerise Paras
30%
Goh Kanto Parc Cerise Parasect
30%
Goh Kanto Parc Cerise Ramoloss
30%
Goh Galar Parc Cerise Regieleki
30%
Goh Kanto Parc Cerise Roucool
30%
Goh Kanto Parc Cerise Crustabri
25%
Goh Unys Parc Cerise Darumacho
25%
Goh Unys Parc Cerise Flamajou
25%
Lilie Alola Non Officiel Magearna
25%
Goh Unys Parc Cerise Nodulithe
25%
Goh Kanto Parc Cerise Nosferalto
25%
Goh Kalos Parc Cerise Passerouge
25%
Goh Kanto Parc Cerise Ptitard
25%
Goh Kanto Parc Cerise Tygnon
25%
Chloé Galar Chez ses parents Voltoutou
25%
Goh Hoenn Parc Cerise Absol
20%
Goh Sinnoh Parc Cerise Babimanta
20%
Goh Kalos Parc Cerise Brocélôme
20%
Goh Johto Parc Cerise Cerfrousse
20%
Goh Kanto Parc Cerise Chétiflor
20%
Goh Alola Parc Cerise Concombaffe
20%
Goh Johto Parc Cerise Feuforêve
20%
Goh Unys Parc Cerise Flotajou
20%
Goh Unys Parc Cerise Golemastoc
20%
Goh Hoenn Parc Cerise Libégon
20%
Goh Johto Parc Cerise Loupio
20%
Goh Unys Parc Cerise Mascaïman
20%
Jessie Kalos Échangé Mysdibule
20%
Goh Hoenn Parc Cerise Nirondelle
20%
Goh Kanto Parc Cerise Osselait
20%
Goh Kanto Parc Cerise Piafabec
20%
Goh Johto Parc Cerise Pomdepik
20%
Goh Kanto Parc Cerise Roucoups
20%
Goh Hoenn Parc Cerise Sharpedo
20%
Goh Kanto Parc Cerise Taupiqueur
20%
Goh Kanto Parc Cerise Voltorbe
20%
Goh Kalos Parc Cerise Camérupt
15%
Goh Kanto Parc Cerise Canarticho
15%
Goh Johto Parc Cerise Cornèbre
15%
Goh Kalos Parc Cerise Croâporal
15%
Goh Alola Parc Cerise Denticrisse
15%
Goh Unys Parc Cerise Fermite
15%
Goh Kanto Parc Cerise Férosinge
15%
Goh Kalos Parc Cerise Floette
15%
Goh Kalos Relâché Floette
15%
Goh Johto Parc Cerise Fouinette
15%
Goh Unys Parc Cerise Fragilady
15%
Goh Galar Parc Cerise Galvagla
15%
Goh Hoenn Parc Cerise Goélise
15%
Goh Galar Parc Cerise Hexadron
15%
Goh Johto Parc Cerise Migalos
15%
Goh Galar Parc Cerise Munja
15%
Goh Kanto Parc Cerise Mystherbe
15%
Goh Unys Parc Cerise Noacier
15%
Goh Kanto Parc Cerise Ptéra
15%
Goh Alola Parc Cerise Quartermac
15%
Goh Galar Parc Cerise Rongrigou
15%
Goh Kanto Parc Cerise Tadmorv
15%
Goh Kanto Offert Triopikeur
15%
Goh Hoenn Parc Cerise Altaria
10%
Goh Galar Parc Cerise Charmilly
10%
Goh Kanto Parc Cerise Krabby
10%
Goh Hoenn Parc Cerise Kraknoix
10%
Goh Kalos Parc Cerise Lépidonille
10%
Goh Kanto Parc Cerise Noadkoko
10%
Goh Alola Parc Cerise Noadkoko
10%
Goh Kalos Parc Cerise Opermine
10%
Goh Johto Parc Cerise Soporifik
10%
Goh Galar Parc Cerise Spododo
10%
Goh Galar Parc Cerise Tournicoton
10%
Goh Hoenn Parc Cerise Vibraninf
10%
Goh Galar Offert Éthernatos
5%
Goh Kanto Parc Cerise Nidoran♂
5%
Goh Kanto Parc Cerise Nidoran♀
5%
Aucun quiz correspondant
Distribution des résultats
% des personnes avec chaque résultat
Percentile par nombre de réponses
Votre historique - résultats
Vous n’avez pas pris ce quiz